00774nam a2200229 4500001000700000003000800007005001700015008004100032035002000073040002600093041000800119082002400127100005000151245008100201260003300282300001000315505001600325650003200341942001200373999001700385952014200402 86503BD-RjUL20260518121854.0260518s1967 pk ||||| |||| 00| 0 urd d a(BD-RjUL) 86503 aBD-RjULbengcBD-RjUL aurd 223a530.1bASM 1967 aعسکری، حمید ;; Askari, Hamid918513 aمدے کے خواص ;; made ke khwas /cحمید عسکری ;; Hamid Askari aLahor :bMakaji urdu, c1967 aV. ;  aVol. ; 2.-- aProperties of matter918514 2ddccBK c86503d86503 00102ddc40718NFICaRUCLbRUCLcReadingd1968-03-16eFiroz & sonsg1.50l0oU 530.1 ASM 1967r2026-05-18 12:17:56tC-1w2026-05-18yBK